000 00897nas a2200289 4500
001 BR0205851
003 BR-BrBNA
005 20231205103428.0
007 ta
008 230509b bl.|||p| |||| 00| 00por d
040 _aBR-BrBNA
_bpor
_cBiblioteca Nacional de Agricultura
041 _a(Pt)
072 _aL10
100 1 _aFernandes, C.B.
100 1 _aSiqueira-Pyles, E.S.C.
100 1 _aLandim-Alvarenga, F.C.
245 1 _aViabilidade pós vitrificação de embriões bovinos cultivados em diferentes meios
650 _aBOVINO
650 _aEMBRIÃO
650 _aQUALIDADE
650 _aCRIOPRESERVAÇÃO
650 _aCULTURA IN VITRO
650 _aMÉTODO ESTATÍSTICO
773 0 _tRevista Brasileira de Reprodução Animal (Brazil)
_xISSN 0102-0803
_g(Jul-Sep 2002), v. 26 (3) p. 161-163
_wBR0205851
909 _a202311
_bLúcia
_c55
_dLúcia Elande
942 _2AGRIS
_n0
_cANA
999 _c172803
_d172803